000 00770nam a22002177a 4500
999 _c16920
_d16920
003 AR-CdUCM
008 190506b ||||| |||| 00| 0 spa d
040 _aMUNICIPALIDAD PROVINCIAL DEL CUSCO
_cBIBLIOTECA MUNICIPAL DEL CUSCO
082 _a780.4 /
_bS16
100 _aSalazar, Adolfo
_95320
245 _aLas grandes estructuras de la música /
260 _aMéxico, D.F :
_bLa casa de España en México,
_c1940.
300 _a191 paginas ;
_c22 cm.
505 _aContenido :Sumario general -- La música en el templo -- La música en la escena -- La música en el pueblo.
650 _aLa musica
_936673
650 _aEnsayos
_9375
650 _aSinfonías
_913951
650 _aMúsica en el arte
_936674
942 _2ddc
_cLIBROS
945 _awnts
_d2019-05-6